000
00327nam a22001337a 4500
008
181011b xxu||||| |||| 00| 0 eng d
020
_a
9780309091817
041
_a
eng
080
_a
159.9
100
_a
48
101
_a
PSI
245
_a
Ethical Conduct of Clinical Research Involving Children
_c
Field,M.J
942
_2
udc
_c
BK
999
_c
49336
_d
49336